| 000 | 01162nam a2200289 i 4500 | ||
|---|---|---|---|
| 001 | bg | ||
| 111 | 2 |
_aInternational Conference on Urban Climate _n(5 ; _d2003 ; _cŁódź). |
|
| 245 | 0 | 0 |
_aFifth International Conference on Urban Climate : _b1-5 September, 2003, Łódź, Poland : proceedings. _nVol. 2 / _cedts Kazimierz Kłysik [et al.] ; International Association for Urban Climate, World Meteorological Organization, University of Łódź. |
| 260 |
_aŁódź : _bDepartment of Meteorology and Climatology Faculty of Geographical Sciences University of Łodź, _c2003. |
||
| 300 |
_a490 s. : _bil. ; _c30 cm. |
||
| 500 | _aStreszcz. ang. przy ref. | ||
| 504 | _aBibliogr. przy ref. | ||
| 650 | 9 | _aKlimat | |
| 650 | 9 |
_aMiasta _xmeteorologia |
|
| 655 | _aMateriały konferencyjne | ||
| 700 | 1 |
_aKłysik, Kazimierz. _eRed. |
|
| 710 | 0 | _aInternational Association for Urban Climate | |
| 710 | 0 | _aWorld Meteorological Organization | |
| 710 | 0 | _aUniversity of Łódź | |
| 020 | _a8391672824 | ||
| 040 | _cBPK | ||
| 041 | 0 | _aeng | |
| 080 | _a551.58(1-21)(061) | ||
| 920 | _a83-916728-2-4 | ||
| 942 | _cKS | ||
| 008 | s pl f |000 0 pol | ||
| 999 |
_c45304 _d45304 |
||
| 856 |
_uhttp://koha.tu.koszalin.pl/cgi-bin/koha/opac-detail.pl?biblionumber=45304 _yKatalog online BPK |
||